Die bekanntesten Transferströme zwischen Dortmund und Stuttgart - Statistiken

Allgemein
  • Dieses Quiz wurde 46 mal gespielt
  • Das Durchschnittsergebnis liegt bei 7 aus 14
Antwortstatistiken
Saison Abgebender Verein Aufnehmender Verein Position Ablöse in € Spielername % Korrekt
2024/2025 Stuttgart Dortmund Innenverteidiger 22.500.000 Anton
100%
2024/2025 Stuttgart Dortmund Mittelstürmer 18.000.000 Guirassy
97%
2021/2022 Stuttgart Dortmund Torwart 15.000.000 Kobel
97%
2015/2016 Dortmund Stuttgart Torwart 3.500.000 Langerak
67%
2018/2019 Dortmund Stuttgart Zentrales MF 5.000.000 Castro
54%
2012/2013 Stuttgart Dortmund Mittelstürmer 5.500.000 Schieber
54%
2013/2014 Dortmund Stuttgart Zentrales MF Leihe 500.000 Leitner
49%
1999/2000 Stuttgart Dortmund Mittelstürmer 5.750.000 Bobic
38%
2017/2018 Dortmund Stuttgart Linksaußen Leihe 200.000 Bruun Larsen
28%
2010/2011 Dortmund Stuttgart Offensives MF Leihe Hajnal
21%
1986/1987 Dortmund Stuttgart Torwart 800.000 Immel
21%
2010/2011 Dortmund Stuttgart Torwart 300.000 Ziegler
18%
1990/1991 Stuttgart Dortmund Defensives MF ? Poschner
8%
1994/1995 Dortmund Stuttgart Defensives MF 1.000.000 Poschner
8%
Keine übereinstimmenden Quizze gefunden
Verteilung der Resultate
Anzahl Personen mit jedem Resultat
Perzentil nach korrekt beantworteten Fragen
Ihre Resultats-Entwicklung
Sie haben dieses Quiz noch nicht gespielt